| 000 | 00617nam a22002297a 4500 | ||
|---|---|---|---|
| 003 | BCEG | ||
| 005 | 20260317162501.0 | ||
| 008 | 260317s1987 mx|||||| |||| 00| 0 spa d | ||
| 020 | _a9684169043 | ||
| 040 |
_aBCEG _bspa _cBCEG |
||
| 082 | 0 | 4 |
_aI813.3 _bW191b |
| 100 | 1 |
_aWallace, Lewis, _d1827-1905. |
|
| 245 | 1 | _aBen-Hur. | |
| 260 |
_aMéxico : _bFernández Editores, _c1987. |
||
| 300 | _a262 p. | ||
| 490 | _aClásicos Auriga. | ||
| 535 | _aDisponible en la colección infantil de 10-12 años. | ||
| 541 | _aDonación. | ||
| 650 | 1 | 4 | _aNovela estadounidense. |
| 700 | 1 |
_aLequesne, Ives, _eil. |
|
| 942 | _cBK | ||
| 999 |
_c437104 _d437104 |
||